| 000 | 00511 a2200181 4500 | ||
|---|---|---|---|
| 003 | OSt | ||
| 005 | 20230912140459.0 | ||
| 008 | 230902b |||||||| |||| 00| 0 eng d | ||
| 020 | _a9788121911030 | ||
| 040 | _coclc | ||
| 082 |
_a336.41 _bSIN/P |
||
| 100 |
_aSingh, S K _94459 |
||
| 245 |
_aPUBLIC FINANCE _bIN THEORY AND PRACTCE / _cDr. D K Singh |
||
| 250 | _a9th ed. | ||
| 260 |
_aNew Delhi: _bS Chand, _c2021. |
||
| 300 | _a736 p | ||
| 942 |
_2ddc _cBK _h336.41 _iSIN/P _k336.41 _mSIN/P |
||
| 999 |
_c42088 _d42088 |
||